|
|
|
|
| LEADER |
00000nam a2200000 a 4500 |
| 001 |
vtls009084117 |
| 003 |
SK-MaSNL |
| 005 |
20260301023349.0 |
| 008 |
240314s2007 xo g 000 0 slo |
| 015 |
|
|
|a SNBA2007/09-04162
|
| 020 |
|
|
|a 9788096733620
|q (brož.)
|
| 035 |
|
|
|a urn:nbn:sk:snk-am00cv95
|
| 035 |
|
|
|a urn:nbn:sk:snk-am3hofh
|
| 035 |
|
|
|a 67BC2B69-24A1-4838-9CB5-A97F6F6F819A
|
| 040 |
|
|
|a SNK
|b slo
|c SNK
|e AACR2
|
| 041 |
1 |
|
|a slo
|h pol
|
| 044 |
|
|
|a xo
|c SK
|
| 072 |
|
7 |
|a 27-4
|x Praktická teológia. Morálna teológia
|2 konspekt
|
| 080 |
|
|
|a 272-532.3/.4
|2 2001
|
| 080 |
|
|
|a 272-534.3
|2 2001
|
| 080 |
|
|
|a (035)
|2 2001
|
| 100 |
0 |
|
|a Faustína,
|c svätá,
|d 1905-1938
|4 aut
|9 157865
|
| 245 |
1 |
0 |
|a Ježišu, dôverujem v Teba!
|b vybrané modlitby svätej Sestry Faustíny ; [z poľského originálu preložila Jana Domsová]
|
| 250 |
|
|
|a 3. vyd.
|
| 260 |
|
|
|a Trnava
|b VIA
|c 2007
|
| 300 |
|
|
|a 62 s.
|c 14 cm
|
| 650 |
0 |
7 |
|a katolícke pobožnosti
|2 SNKPH
|9 64564
|
| 650 |
0 |
7 |
|a katolícke modlitby
|2 SNKPH
|9 4273
|
| 655 |
|
7 |
|a príručky
|2 SNKPH
|9 74364
|
| 700 |
1 |
|
|a Domsová, Jana
|4 trl
|9 43431
|
| 919 |
|
|
|a 978-80-967336-2-0
|
| 958 |
|
|
|a OP
|
| 958 |
|
|
|a NT
|
| 968 |
|
|
|b POL
|d 2
|
| 999 |
|
|
|c 569039
|d 570969
|
| 952 |
|
|
|a SNK
|b SNK
|y PREZ
|7 0
|p 17A0558979
|o snkSE 11463
|i snk2007/18027
|8 0
|0 0
|1 0
|4 0
|d 2007-07-31
|f 1
|l 0
|r 2026-02-23 14:09:32
|w 2026-02-23
|
| 952 |
|
|
|a SNK
|b SNK
|y VYP
|7 0
|p 17A0558937
|o snkSE 11463 D1
|i snk2007/18028
|8 0
|0 0
|1 0
|4 0
|d 2007-07-31
|l 0
|r 2026-02-23 14:09:32
|w 2026-02-23
|